Prontuario artistico : (Record no. 162616)

MARC details
000 -LEADER
campo de control de longitud fija 02022nam a2200349 i 4500
001 - NÚMERO DE CONTROL
campo de control 162616
003 - IDENTIFICADOR DE NÚMERO DE CONTROL
campo de control ES-MaACL
005 - FECHA Y HORA DE LA ÚLTIMA TRANSACCIÓN
campo de control 20250825063339.0
008 - DATOS DE LONGITUD FIJA--INFORMACIÓN GENERAL
campo de control de longitud fija 990323e1788 sp |rd 001 0|spa d
040 ## - FUENTE DE CATALOGACIÓN
Centro/agencia transcriptor ES-MaACL
080 ## - NÚMERO DE LA CLASIFICACIÓN DECIMAL UNIVERSAL
Número de la Clasificación Decimal Universal 7(038)
100 1# - ENTRADA PRINCIPAL--NOMBRE DE PERSONA
Nombre de persona Martínez, Francisco,
Fechas asociadas al nombre 1736-1794
Término indicativo de función/relación Autor
9 (RLIN) 173466
245 10 - MENCIÓN DEL TÍTULO
Título Prontuario artistico :
Resto del título ó Diccionario manual de las Bellas Artes, Pintura, Escultura, Arquitectura, Grabado &tc. : Con la decripción de sus mas principales asuntos : Dispuesto y recogido de varios Autores asi Nacionales como Estrangeros para uso de la Juventud Española /
Mención de responsabilidad, etc. por el Doctor Don Francisco Martinez, Presbítero...
246 1# - FORMA VARIANTE DEL TITULO
Título propio/Titulo breve Diccionario manual de las bellas artes
260 ## - PUBLICACIÓN, DISTRIBUCIÓN, ETC.
Lugar de publicación, distribución, etc. Madrid :
Nombre del editor, distribuidor, etc. por la Viuda de Escribano,
Fecha de publicación, distribución, etc. 1788
300 ## - DESCRIPCIÓN FÍSICA
Extensión [4], VIII, 419 páginas, [1] en blanco ;
Dimensiones 4º (21 cm)
500 ## - NOTA GENERAL
Nota general Publicado también con el título: Introducción al conocimiento de las bellas artes, o Diccionario manual de pintura, escultura, arquitectura, grabado. Madrid: Viuda de Escribano, 1788
530 ## - NOTA DISPONIBLE DE FORMULARIO FÍSICO ADICIONAL
Nota de formato físico adicional disponible Disponible en formato digital
597 ## - NOTA A LA DESCRIPCION FISICA
Nota Sign.: []\p2\s, *\p4\s, A-Z\p4\s, 2A-2Z\p4\s, 3A-3F\p4\s, 3G\p2\s.
597 ## - NOTA A LA DESCRIPCION FISICA
Nota Anteportada
650 #4 - PUNTO DE ACCESO ADICIONAL DE MATERIA--TÉRMINO DE MATERIA
Término de materia o nombre geográfico como elemento de entrada Arte-
Subdivisión de forma Diccionarios
9 (RLIN) 10094
655 #4 - TERMINO DE INDIZACIÓN--GENERO/FORMA
Datos o término principal de género/forma Diccionarios
9 (RLIN) 193753
700 ## - ENTRADA AGREGADA--NOMBRE PERSONAL
Nombre de persona Escribano, Viuda de
Término indicativo de función/relación Impresor
9 (RLIN) 242016
740 02 - ENTRADA AGREGADA--TÍTULO RELACIONADO/ANALÍTICO NO CONTROLADO
Título relacionado o analítico no controlado Introduccion al conocimiento de las Bellas Artes o Diccionario manual de Pintura, Escultura, Arquitectura y Grabado, &c.
Medio [Recurso electrónico]
752 ## - ENTRADA AGREGADA--NOMBRE JERÁRQUICO DEL LUGAR
País o entidad superior España -
Ciudad Madrid
852 4# - LOCALIZACIÓN
Ubicación ES-MaACL
Ubicación en estantería Depósito
Signatura antigua Olim: C-2876
Número de control de estantería R-269
Encuadernación Pasta
856 4# - LOCALIZACIÓN Y ACCESO ELECTRÓNICOS
Identificador Uniforme de Recursos <a href="https://catalog.hathitrust.org/Record/000169169">https://catalog.hathitrust.org/Record/000169169</a>
Texto de enlace Versión en línea
Nota pública (HathiTrust)
856 4# - LOCALIZACIÓN Y ACCESO ELECTRÓNICOS
Identificador Uniforme de Recursos <a href="https://bdh-rd.bne.es/viewer.vm?id=0000055119&page=1">https://bdh-rd.bne.es/viewer.vm?id=0000055119&page=1</a>
Texto de enlace Versión en línea: Introducción al conocimiento de las bellas artes o Diccionario manual de pintura, escultura, arquitectura y grabado
Nota pública (Biblioteca Digital Hispánica)
942 ## - ELEMENTOS DE ENTRADA SECUNDARIOS (KOHA)
Tipo de ítem Koha Libro impreso antiguo
Suprimir en OPAC No
Holdings
Estatus retirado Estado de pérdida Fuente del sistema de clasificación o colocación Estado de daño No para préstamo Colección Biblioteca de origen Biblioteca actual Ubicación en estantería Fecha de adquisición Total de préstamos Signatura topográfica completa Código de barras Visto por última vez Tipo de ítem Koha
    Clasificación decimal universal     Libros del s. XVIII Biblioteca del Ateneo de Madrid Biblioteca del Ateneo de Madrid Depósito 17/01/2008   R-269 1170360 23/02/2023 Libro impreso antiguo